Statistics for Second-Level Subdivisions of Germany 1900 - with a map

Click here to take the quiz!

General Stats

  • This quiz has been taken 1,037 times
  • The average score is 34 of 157

Answers on the Map

Answers color-coded by a green-red scale on the quiz's map according to % correct below.
 

Answer Stats

SLS% Correct
Berlin
93%
Hamburg
89%
Brandenburg
82%
Sachsen
82%
Schleswig-Holstein
82%
Bremen
80%
Bremen
80%
Hannover
77%
Westkreis
76%
Hessen-Nassau
75%
Ostkreis
73%
Pommern
72%
Schlesien
72%
Rheinland
69%
Lübeck (Eutin)
63%
Ostpreußen
63%
Dresden
62%
Lübeck
62%
Lübeck
62%
Lothringen
61%
Leipzig
59%
Oldenburg
57%
Oldenburg
57%
Westfalen
57%
Westpreußen
50%
Rostock
48%
Schwerin
47%
Pfalz
45%
Braunschweig
44%
Weimar
42%
Posen
40%
Coburg
36%
Gotha
36%
Bremerhaven
36%
Coburg
36%
Gotha
36%
Rheinhessen
36%
Freiburg
33%
Hohenzollern
33%
Oberbayern
33%
Schwaben
33%
Niederbayern
32%
Kreis der Eder
30%
Mannheim
30%
Karlsruhe
29%
Eisenach
27%
Oberfranken
26%
Neustrelitz
25%
Gera
24%
Unterfranken
24%
Meiningen
23%
Konstanz
22%
Rudolstadt
22%
Königsberg
21%
Königsberg
21%
Pyrmont
21%
Zwickau
21%
Sondershausen
20%
Mittelfranken
19%
Oberpfalz
19%
Wismar
18%
Dessau
16%
Neubrandenburg
16%
Oberelsaß
15%
Unterelsaß
14%
Bautzen
13%
Schwarzwaldkreis
13%
Cöthen
10%
Detmold
10%
Detmold
10%
Cloppenburg
9%
Greiz
9%
Güstrow
9%
Wolfenbüttel
9%
Delmenhorst
8%
Donaukreis
8%
Jever
8%
Jever
8%
Bernburg
7%
Ludwigslust
7%
Neckarkreis
7%
Parchim
7%
Saalfeld
7%
Vechta
7%
Waren
7%
Apolda
6%
Hildburghausen
6%
Neustadt
6%
Neustadt
6%
Oberhessen
6%
Sonneberg
6%
Zerbst
6%
Birkenfeld
5%
Brake
5%
Bückeburg
5%
Butjadingen
5%
Hagenow
5%
Helmstedt
5%
Holzminden
5%
Bückeburg
5%
Lemgo
5%
Varel
5%
Ribnitz
5%
Schönberg
5%
Starkenburg
5%
Varel
5%
Arnstadt
4%
Ballenstedt
4%
Bergedorf
4%
Blankenburg
4%
Blomberg
4%
Burgk
4%
Dermbach
4%
Doberan
4%
Elsfleth
4%
Frankenhausen
4%
Friesoythe
4%
Geestlande
4%
Grevesmühlen
4%
Horn
4%
Barntrup
4%
Blomberg
4%
Horn
4%
Lage
4%
Ohrdruf
4%
Salzuflen
4%
Schwalenberg
4%
Stadthagen
4%
Vegesack
4%
Jagstkreis
4%
Kreis des Eisenberges
4%
Lage
4%
Malchin
4%
Marschlande
4%
Oerlinghausen
4%
Ohrdruf
4%
Ritzebüttel
4%
Schieder
4%
Schleiz
4%
Schwalenberg
4%
Stadthagen
4%
Sternberg-Barntrup
4%
Westerstede
4%
Wildeshausen
4%
Ebeleben
3%
Gandersheim
3%
Gehren
3%
Hohenhausen
3%
Rodach
3%
Waltershausen
3%
Königsee
3%
Kreis der Twiste
3%
Lipperode-Cappel
3%
Schötmar
3%
Varenholz
3%
Waltershausen
3%

Score Distribution

Percentile by Number Answered

Percent of People with Each Score

Your Score History

You have not taken this quiz